Využívanie úverov od Európskej investičnej banky na financovanie inovačných aktivít vo vybraných krajinách

Porovnanie a zhodnotenie využívania úverov od Európskej investičnej banky na financovanie projektov podporujúcich inovačné aktivity vo vybraných krajinách. Vzájomné porovnanie 6 krajín: krajiny V4, Nemecko a Fínsko.

Saved in:
Bibliographic Details
Main Author: Spišáková, Emília, 1983-
Format: Book Chapter
Language:Slovak
Subjects:
Tags: Add Tag
No Tags, Be the first to tag this record!

MARC

LEADER 00000nla$a2200000$$$4500
001 0143206
005 20240502072552.1
041 0 |a slo 
044 |a SK 
245 1 0 |a Využívanie úverov od Európskej investičnej banky na financovanie inovačných aktivít vo vybraných krajinách  |c Emília Spišáková 
520 |a Porovnanie a zhodnotenie využívania úverov od Európskej investičnej banky na financovanie projektov podporujúcich inovačné aktivity vo vybraných krajinách. Vzájomné porovnanie 6 krajín: krajiny V4, Nemecko a Fínsko. 
610 2 0 |a úver 
610 2 0 |a inovácia 
610 2 0 |a banky investičné 
610 2 0 |a projekty 
610 2 0 |a sektor súkromný 
610 2 0 |a sektor verejný 
100 1 |a Spišáková, Emília, 1983-